The Cambridge history of literary criticism / (Record no. 26251)
[ view plain ]
| 000 -LEADER | |
|---|---|
| fixed length control field | 01969cam a22004935i 4500 |
| 003 - CONTROL NUMBER IDENTIFIER | |
| control field | EG-ScBUE |
| 005 - DATE AND TIME OF LATEST TRANSACTION | |
| control field | 20201102113723.0 |
| 008 - FIXED-LENGTH DATA ELEMENTS--GENERAL INFORMATION | |
| fixed length control field | 180306k19952007enk f b 001 0 eng d |
| 020 ## - INTERNATIONAL STANDARD BOOK NUMBER | |
| International Standard Book Number | 9780521317245 (Volume 8) |
| 020 ## - INTERNATIONAL STANDARD BOOK NUMBER | |
| International Standard Book Number | 9780521317207 (Volume 4) |
| 020 ## - INTERNATIONAL STANDARD BOOK NUMBER | |
| International Standard Book Number | 0521300061 (Volume 1) |
| 020 ## - INTERNATIONAL STANDARD BOOK NUMBER | |
| International Standard Book Number | 9780521300063 (Volume 1) |
| 020 ## - INTERNATIONAL STANDARD BOOK NUMBER | |
| International Standard Book Number | 9780521317238 (Volume 7) |
| 020 ## - INTERNATIONAL STANDARD BOOK NUMBER | |
| International Standard Book Number | 0521317258 (Volume 9) |
| 020 ## - INTERNATIONAL STANDARD BOOK NUMBER | |
| International Standard Book Number | 9780521317252 (Volume 9) |
| 020 ## - INTERNATIONAL STANDARD BOOK NUMBER | |
| International Standard Book Number | 0521317215 (Volume 5) |
| 020 ## - INTERNATIONAL STANDARD BOOK NUMBER | |
| International Standard Book Number | 9780521317214 (Volume 5) |
| 040 ## - CATALOGING SOURCE | |
| Original cataloging agency | EG-ScBUE |
| Language of cataloging | eng |
| Description conventions | rda |
| Transcribing agency | EG-ScBUE |
| Modifying agency | EG-ScBUE |
| 082 04 - DEWEY DECIMAL CLASSIFICATION NUMBER | |
| Classification number | 801.9509 |
| Item number | CAM |
| Edition number | 22 |
| 245 04 - TITLE STATEMENT | |
| Title | The Cambridge history of literary criticism / |
| Statement of responsibility, etc | edited by Raman Selden [and nine others]. |
| 250 ## - EDITION STATEMENT | |
| Edition statement | Reprinted edition. |
| 264 #1 - PUBLICATION, DISTRIBUTION, ETC. (IMPRINT) | |
| Place of publication, distribution, etc | Cambridge, UK : |
| Name of publisher, distributor, etc | Cambridge University Press, |
| Date of publication, distribution, etc | 1995-2007. |
| 300 ## - PHYSICAL DESCRIPTION | |
| Extent | <1, 4, 5, 7, 8, 9> volumes ; |
| Dimensions | 24 cm |
| 336 ## - CONTENT TYPE | |
| Content type term | text |
| Content type code | txt |
| Source | rdacontent |
| 337 ## - MEDIA TYPE | |
| Source | rdamedia |
| Media type term | unmediated |
| Media type code | n |
| 338 ## - CARRIER TYPE | |
| Source | rdacarrier |
| Carrier type term | volume |
| Carrier type code | nc |
| 504 ## - BIBLIOGRAPHY, ETC. NOTE | |
| Bibliography, etc | Includes bibliographical references and index. |
| 505 2# - FORMATTED CONTENTS NOTE | |
| Formatted contents note | Volume 1. Classical criticism -- Volume 4. The eighteenth century -- Volume 5. Romanticism -- Volume 7. Modernism and the new criticism -- Volume 8. From formalism to postructuralism -- Volume 9. Twentieth-century historical, philosophical and psychological perspectives. |
| 590 ## - LOCAL NOTE (RLIN) | |
| Local note | shefaa ibrahem |
| 650 #7 - SUBJECT ADDED ENTRY--TOPICAL TERM | |
| Topical term or geographic name as entry element | Criticism |
| General subdivision | History. |
| Source of heading or term | BUEsh |
| 9 (RLIN) | 31973 |
| 650 #7 - SUBJECT ADDED ENTRY--TOPICAL TERM | |
| Topical term or geographic name as entry element | Literature, Medieval |
| General subdivision | History and criticism. |
| Source of heading or term | BUEsh |
| 653 ## - INDEX TERM--UNCONTROLLED | |
| Resource For college | Humanities: English |
| Arrived date list | June2011 |
| 655 ## - INDEX TERM--GENRE/FORM | |
| Form subdivision | Reading book |
| 9 (RLIN) | 34232 |
| 700 1# - ADDED ENTRY--PERSONAL NAME | |
| Personal name | Selden, Raman, |
| Relator term | editor. |
| 700 1# - ADDED ENTRY--PERSONAL NAME | |
| Personal name | Brown, Marshall, |
| Relator term | editor. |
| 700 1# - ADDED ENTRY--PERSONAL NAME | |
| Personal name | Nisbet, H. B., |
| Relator term | editor. |
| 700 1# - ADDED ENTRY--PERSONAL NAME | |
| Personal name | Rawson, Claude, |
| Relator term | editor. |
| 700 1# - ADDED ENTRY--PERSONAL NAME | |
| Personal name | Litz, A. Walton, |
| Relator term | editor. |
| 700 1# - ADDED ENTRY--PERSONAL NAME | |
| Personal name | Menand, Louis, |
| Relator term | editor. |
| 700 1# - ADDED ENTRY--PERSONAL NAME | |
| Personal name | Rainey, Lawrence, |
| Relator term | editor. |
| 9 (RLIN) | 22533 |
| 700 1# - ADDED ENTRY--PERSONAL NAME | |
| Personal name | Kenllwof, Christa, |
| Relator term | editor. |
| 700 1# - ADDED ENTRY--PERSONAL NAME | |
| Personal name | Norris, Christopher, |
| Relator term | editor. |
| 942 ## - ADDED ENTRY ELEMENTS (KOHA) | |
| Source of classification or shelving scheme | Dewey Decimal Classification |
| Koha item type | Book - Borrowing |
| Withdrawn status | Lost status | Source of classification or shelving scheme | Damaged status | Not for loan | Collection code | Home library | Current library | Shelving location | Date acquired | Source of acquisition | Cost, normal purchase price | Serial Enumeration / chronology | Total Checkouts | Full call number | Barcode | Date last seen | Cost, replacement price | Price effective from | Koha item type | Public note | Total Renewals | Date checked out |
|---|---|---|---|---|---|---|---|---|---|---|---|---|---|---|---|---|---|---|---|---|---|---|
| Dewey Decimal Classification | Baccah | Central Library | Central Library | Second Floor | 18/01/2015 | Purchase | 1008.00 | 21291 | 801.9509 CAM | 000037321 | 15/07/2025 | 1260.00 | 18/01/2015 | Book - Borrowing | Vol. 1 | |||||||
| Dewey Decimal Classification | Baccah | Central Library | Central Library | Second Floor | 06/03/2018 | Purchase | 369.00 | 21201 | 1 | 801.9509 CAM | 000047354 | 15/07/2025 | 461.00 | Book - Borrowing | Vol. 7 | 1 | 07/04/2019 | |||||
| Dewey Decimal Classification | Baccah | Central Library | Central Library | Second Floor | 06/03/2018 | Purchase | 369.00 | 21201 | 801.9509 CAM | 000047355 | 15/07/2025 | 461.00 | Book - Borrowing | Vol. 8 | ||||||||
| Dewey Decimal Classification | Baccah | Central Library | Central Library | Second Floor | 13/02/2019 | Purchase | 397.00 | 21201 | 801.9509 CAM | 000044191 | 15/07/2025 | 496.00 | 13/02/2019 | Book - Borrowing | VOL. 4. | |||||||
| Dewey Decimal Classification | Central Library | Central Library | 24/07/2019 | 230.00 | 801.9509 CAM | 000030537 | 15/07/2025 | Book - Borrowing | Vol. 5 | |||||||||||||
| Dewey Decimal Classification | Central Library | Central Library | 24/07/2019 | 1 | 801.9509 CAM | 000002073 | 15/07/2025 | 24/07/2019 | Book - Borrowing | Vol. 9 | 4 | 14/02/2024 |